LIBRARY ONLINE CATALOGUE

Patten's foundation of embryology (Record no. 16073)

MARC details
000 -LEADER
fixed length control field 00519nam a22001697a 4500
008 - FIXED-LENGTH DATA ELEMENTS--GENERAL INFORMATION
fixed length control field 160921b xxu||||| |||| 00| 0 eng d
020 ## - INTERNATIONAL STANDARD BOOK NUMBER
International Standard Book Number 0072871709
040 ## - CATALOGING SOURCE
Original cataloging agency KABU
Transcribing agency KABU
050 ## - LIBRARY OF CONGRESS CALL NUMBER
Classification number QL955
Item number .C37 2002 C.1
100 ## - MAIN ENTRY--PERSONAL NAME
Personal name Carlson, Bruce M.
245 ## - TITLE STATEMENT
Title Patten's foundation of embryology
Statement of responsibility, etc. by Bruce M. Carlson
250 ## - EDITION STATEMENT
Edition statement 6th ed.
260 ## - PUBLICATION, DISTRIBUTION, ETC. (IMPRINT)
Place of publication, distribution, etc. New York
Name of publisher, distributor, etc. McGraw-hill companies
Date of publication, distribution, etc. 2002
300 ## - PHYSICAL DESCRIPTION
Extent xii. 752 p.
650 ## - SUBJECT ADDED ENTRY--TOPICAL TERM
Source of heading or term Embroyology
942 ## - ADDED ENTRY ELEMENTS (KOHA)
Source of classification or shelving scheme Library of Congress Classification
Koha item type General Collection
Edition 6th ed.
Classification part QL955 .C37 2002 C.1
Holdings
Withdrawn status Lost status Source of classification or shelving scheme Not for loan Home library Current library Shelving location Date acquired Cost, normal purchase price Total Checkouts Full call number Barcode Date last seen Date last checked out Copy number Price effective from Koha item type
    Library of Congress Classification   Kabarak, Main Campus Kabarak, Main Campus General Stacks 21/09/2016 41224.04 4 QL955 .C37 2002 C.1 026773 29/06/2021 23/06/2021 C.1 21/09/2016 General Collection